000 01160nam a22002297a 4500
005 20110927121714.0
010 _aG-001521-23
020 _c500.00 (set of 3 vols.)
035 1 d _aG-001521-23
037 _bGift
082 _a677.2122
100 _aScott-Taggart, William
_934923
245 _aCotton spinning /
_cby William Scott-Taggart
260 _aBombay
_bIndo Overseas Trading
_c1958
300 _a3v. (lv, 383p.; xv, 293p.; xxviii, 490p.)
_c18cm(Hb)
_bill.
500 _aIncludes index
942 _2ddc
_cEN
_h677.2122
_mSCO
999 _c57053
_d57053